000 00332nam a22001217a 4500
999 _c2482
_d2482
005 20200915153836.0
008 200915b ||||| |||| 00| 0 eng d
020 _a090675622
040 _cCML
245 _aThe Temperate Grasslands.
_cMoore, W.G.
260 _aLondon
_bHutchinson
_c1963
942 _2ddc
_cBK
_h910
_mMOO